<?xml version="1.0" encoding="UTF-8"?><?xml-stylesheet type="text/xsl" href="static/style.xsl"?><OAI-PMH xmlns="http://www.openarchives.org/OAI/2.0/" xmlns:xsi="http://www.w3.org/2001/XMLSchema-instance" xsi:schemaLocation="http://www.openarchives.org/OAI/2.0/ http://www.openarchives.org/OAI/2.0/OAI-PMH.xsd"><responseDate>2026-06-30T05:21:41Z</responseDate><request verb="GetRecord" identifier="oai:riubu.ubu.es:10259/5965" metadataPrefix="marc">https://riubu.ubu.es/oai/request</request><GetRecord><record><header><identifier>oai:riubu.ubu.es:10259/5965</identifier><datestamp>2023-03-24T23:42:15Z</datestamp><setSpec>com_10259_2699</setSpec><setSpec>col_10259_2701</setSpec></header><metadata><record xmlns="http://www.loc.gov/MARC21/slim" xmlns:doc="http://www.lyncode.com/xoai" xmlns:xsi="http://www.w3.org/2001/XMLSchema-instance" xmlns:dcterms="http://purl.org/dc/terms/" xsi:schemaLocation="http://www.loc.gov/MARC21/slim http://www.loc.gov/standards/marcxml/schema/MARC21slim.xsd">
<leader>00925njm 22002777a 4500</leader>
<datafield tag="042" ind1=" " ind2=" ">
<subfield code="a">dc</subfield>
</datafield>
<datafield tag="720" ind1=" " ind2=" ">
<subfield code="a">González Angulo, Mario</subfield>
<subfield code="e">author</subfield>
</datafield>
<datafield tag="260" ind1=" " ind2=" ">
<subfield code="c">2021</subfield>
</datafield>
<datafield tag="520" ind1=" " ind2=" ">
<subfield code="a">La presente tesis evaluó el crecimiento potencial de Clostridium botulinum en agua de coco verde y caracterizó múltiples cepas de patógenos vegetativos (Escherichia coli O157:H7, Listeria monocytogenes y Salmonella enterica) en base a su fenotipo de resistencia a las altas presiones. Esto permitió seleccionar cepas representativas que posteriormente se emplearon en la validación de un proceso HPP industrial. Los resultados sugieren que C. botulinum no debe ser considerado el patógeno pertinente en agua de coco verde dada su baja probabilidad de crecimiento y formación de toxina, incluso en condiciones de abuso. Del mismo modo se demostró que procesar agua de coco verde a 600 MPa durante 3 min y 10 °C causó reducciones superiores a los 5 log10 ufc/ml en los patógenos vegetativos estudiados inmediatamente después del procesado. No obstante, los parámetros deben ser optimizamos para garantizar que esta reducción sea sostenida durante el periodo de almacenamiento para garantizar la seguridad del agua de coco a lo largo de su vida útil.</subfield>
</datafield>
<datafield tag="024" ind2=" " ind1="8">
<subfield code="a">http://hdl.handle.net/10259/5965</subfield>
</datafield>
<datafield tag="024" ind2=" " ind1="8">
<subfield code="a">10.36443/10259/5965</subfield>
</datafield>
<datafield ind1=" " ind2=" " tag="653">
<subfield code="a">Agua de coco</subfield>
</datafield>
<datafield ind1=" " ind2=" " tag="653">
<subfield code="a">HPP</subfield>
</datafield>
<datafield ind1=" " ind2=" " tag="653">
<subfield code="a">Validación de proceso</subfield>
</datafield>
<datafield ind1=" " ind2=" " tag="653">
<subfield code="a">Clostridium botulinum</subfield>
</datafield>
<datafield ind1=" " ind2=" " tag="653">
<subfield code="a">Listeria monocytogenes</subfield>
</datafield>
<datafield ind1=" " ind2=" " tag="653">
<subfield code="a">Escherichia coli O157:H7</subfield>
</datafield>
<datafield ind1=" " ind2=" " tag="653">
<subfield code="a">Salmonella entérica</subfield>
</datafield>
<datafield ind1=" " ind2=" " tag="653">
<subfield code="a">Coconut water</subfield>
</datafield>
<datafield ind1=" " ind2=" " tag="653">
<subfield code="a">Process validation</subfield>
</datafield>
<datafield ind1=" " ind2=" " tag="653">
<subfield code="a">Salmonella enterica</subfield>
</datafield>
<datafield tag="245" ind1="0" ind2="0">
<subfield code="a">Validation of high pressure processing (HPP) as a suitable technology for the production of safe tender coconut water</subfield>
</datafield>
</record></metadata></record></GetRecord></OAI-PMH>